000 00731nam a2200193 a 4500
003 0
005 20250520072945.0
008 030519s19uu xx 00 eng d
050 _aPHS TD 794.5
_b.S25 2003
100 _aSalunga, Raynald Joseph P.
245 _aThe Evaluation of corn (Zea mays L.) husks and recyclable pad paper as raw materials for commercial grade paper /
_cRaynald Joseph P. Salunga.
260 _aLas PiƱas City, Philippines :
_bSouthville International School and Colleges,
_c2003.
300 _aunnumbered pages ;
_c28 cm.
504 _aIncludes bibliographical references.
650 _aCorn husks
_xUtilization.
650 _aWaste paper
_xRecycling.
650 _aRecycled products.
942 _2lcc
_cPASS
999 _c96810
_d96810